000 00559nam a2200205Ia 4500
003 GCL
008 140319s9999 xx 000 0 ara d
040 _aGCL /
_cGCL
082 0 4 _aط
_b813.06
100 1 _aعبدالفتاح ناجى
245 1 0 _aالكتاكيت والحجارة /
_cعبدالفتاح ناجى
260 _a[S.N] :
_bشركة سفير ،
_c1990
300 _a40
490 _a
650 0 4 _aالاطفال
650 0 4 _aالقصص
650 0 4 _aقصص الاطفال
650 0 4 _aالقصص الفكاهية
942 _2ddc
_cBK
999 _c57860
_d57860